Kader Griechenlands bei der Fußball-EM 2004 - Statistiken

Allgemein
  • Dieses Quiz wurde 39 mal gespielt
  • Das Durchschnittsergebnis liegt bei 9 aus 23
Antwortstatistiken
Position Verein vor Beginn der EM 2004 Antwort % Korrekt
Sturm Werder Bremen Angelos Charisteas
97%
Torhüter Panathinaikos Athen Antonios Nikopolidis
83%
Mittelfeld Inter Mailand Giorgos Karagounis
76%
Abwehr AS Rom Traianos Dellas
76%
Mittelfeld AEK Athen Kostas Katsouranis
55%
Abwehr Panathinaikos Athen Giourkas Seitaridis
48%
Mittelfeld AEK Athen Theodoros Zagorakis
48%
Mittelfeld Panathinaikos Athen Angelos Basinas
45%
Sturm Panathinaikos Athen Dimitrios Papadopoulos
34%
Sturm AC Florenz Zisis Vryzas
34%
Mittelfeld Bolton Wanderers Stelios Giannakopoulos
31%
Sturm Atlético Madrid Demis Nikolaidis
28%
Abwehr AEK Athen Michalis Kapsis
28%
Abwehr Benfica Lissabon Takis Fyssas
28%
Mittelfeld AEK Athen Vasilios Tsiartas
28%
Mittelfeld Olympiakos Piräus Pantelis Kafes
24%
Torhüter Panathinaikos Athen Kostas Chalkias
21%
Torhüter Olympiakos Piräus Fanis Katergiannakis
14%
Abwehr Leicester City Nikos Dabizas
14%
Mittelfeld AEK Athen Vasilios Lakis
14%
Mittelfeld Olympiakos Piräus Georgios Georgiadis
10%
Abwehr Panathinaikos Athen Giannis Goumas
10%
Abwehr Olympiakos Piräus Stylianos Venetidis
10%
Keine übereinstimmenden Quizze gefunden
Verteilung der Resultate
Anzahl Personen mit jedem Resultat
Perzentil nach korrekt beantworteten Fragen
Ihre Resultats-Entwicklung
Sie haben dieses Quiz noch nicht gespielt